Statistics for PR02-西武鉄道の駅

Click here to take the quiz!

General Stats

  • This quiz has been taken 835 times
  • The average score is 81 of 105

Answer Stats

駅名% Correct
池袋
98%
所沢
98%
西武新宿
98%
練馬
96%
西武秩父
95%
高田馬場
95%
国分寺
94%
拝島
94%
飯能
94%
石神井公園
93%
豊島園
93%
小竹向原
92%
本川越
91%
西武園
91%
西武球場前
91%
西所沢
89%
新桜台
88%
多摩湖
88%
東飯能
88%
武蔵境
87%
秋津
87%
小平
87%
是政
86%
大泉学園
85%
桜台
85%
入間市
85%
航空公園
85%
東村山
85%
田無
85%
小手指
84%
椎名町
84%
保谷
84%
ひばりヶ丘
83%
狭山市
83%
練馬高野台
83%
上石神井
83%
江古田
81%
清瀬
81%
吾野
80%
東長崎
80%
新所沢
79%
横瀬
79%
中井
77%
東久留米
76%
西武立川
76%
鷺ノ宮
75%
花小金井
75%
玉川上水
74%
一橋学園
73%
中村橋
72%
上井草
72%
小川
72%
下井草
72%
恋ヶ窪
71%
正丸
71%
下落合
71%
萩山
71%
芦ヶ久保
70%
下山口
70%
東吾野
70%
高麗
69%
狭山ヶ丘
69%
多磨
69%
西吾野
69%
新狭山
68%
稲荷山公園
68%
仏子
67%
都立家政
67%
井荻
67%
新井薬師前
67%
南大塚
66%
白糸台
66%
富士見台
64%
競艇場前
64%
武蔵藤沢
64%
西武園ゆうえんち
64%
沼袋
63%
青梅街道
63%
西武柳沢
63%
東大和市
63%
武蔵関
63%
元加治
62%
新小金井
59%
入曽
59%
久米川
59%
野方
59%
東伏見
56%
武蔵横手
55%
武蔵大和
52%
武蔵砂川
51%
八坂
48%
鷹の台
46%

Score Distribution

Percentile by Number Answered

Percent of People with Each Score

Your Score History

You have not taken this quiz